| 000 | 00629cab a2200193 4500 | ||
|---|---|---|---|
| 001 | WB3408-01 | ||
| 008 | 090401t1998 xxu||||| |||| 00| 0 eng d | ||
| 035 | _a(Sirsi) u84543 | ||
| 041 | _aeng | ||
| 245 | _aSystemised homes planned | ||
| 260 | _c1998 | ||
| 350 | _a0 | ||
| 490 |
_aBuilding _v263(8) 20 February 1998, 15(1) |
||
| 520 | _aBallast Wiltshier is considering using systemised building techniques as used on the Continent to provide cheap but high-quality housing for local authorities. | ||
| 650 | _aSYSTEM-BUILT HOUSES | ||
| 690 | _aBUILT ENVIRONMENT-CONSTRUCTION DESIGN | ||
| 942 | _n0 | ||
| 948 | _c26/02/1998 | ||
| 999 |
_c53132 _d53132 |
||